000 00978nam a2200241 i 4500
001 152956
003 ES-MaACL
005 20240823063039.0
008 000207s1900 gw |||| | ger d
040 _aCCPB | B
_bspa
_cCCPB | B
100 0 _aAdam de la Halle,
_dca. 1245-ca. 1288
_9164748
245 1 0 _aCanchons und partures
_b: erster band /
_cdes altfranzosischen trouvere Adam de la Halle le Bochu d'Aras ; herausgegeben von Rudolf Berger.
260 _aHalle :
_bverlag von Max Niemeyer,
_c1900 (
_fdruck von Ehrhardt Karras)
300 _a[8], VIII, 530 p. ;
_c19 cm.
490 1 _aRomanische Bibliothek. Adan De Le Hale ;
_v17 ; 1
594 _aPort. paralela en alemán.
700 1 1 _aFoerster, Wendelin,
_eed. lit.
_951405
700 1 _aBerger, Rudolf.
_9125933
830 0 _aRomanische Bibliothek. Adan De Le Hale ;
_v17 ; 1
_9221381
852 _aES-MaACL
_jG-13867
_z-- Enc. hol.
999 _c152956
_d152956